Beezus and Ramona /

Bibliographic Details
Main Author: Cleary, Beverly
Format: Book
Language:English
Published: New York : Morrow, [1955]

MARC

Tag First Indicator Second Indicator Subfields
LEADER 00000cam a2200000 a 4500
001 in00000085704
005 20151008053249.0
008 760120s1955 nyua 00011 engm
010 |a  55007623  
035 |a (OCoLC)01936749 
035 |9 AAH6850AM 
040 |a DLC  |c FGM  |d m.c.  |d TXA  |d UtOrBLW 
049 |a [Curr Col] TXAM  |c 1 [1673396], 2 [1673397] 
050 0 0 |a PZ7.C5792  |b Be 
100 1 |a Cleary, Beverly. 
245 1 0 |a Beezus and Ramona /  |c by Beverly Cleary ; illustrated by Louis Darling. 
264 1 |a New York :  |b Morrow,  |c [1955] 
264 4 |c ©1955 
300 |a 159 pages :  |b illustrations ;  |c 21 cm. 
336 |a text  |b txt  |2 rdacontent 
337 |a unmediated  |b n  |2 rdamedia 
338 |a volume  |b nc  |2 rdacarrier 
999 |a MARS 
999 f f |s c2978086-5b6a-3b8d-8232-65697f8f8984  |i bba278a8-9162-3b19-bd9c-78843a72704f  |t 0 
952 f f |p normal  |a Texas A&M University  |b College Station  |c Sterling C. Evans Library  |d Evans: Curriculum Collection (4th floor)  |t 0  |e PZ7.C5792 Be  |h Library of Congress classification  |i unmediated -- volume  |m A14805954578 
998 f f |a PZ7.C5792 Be  |t 0  |l Evans: Curriculum Collection (4th floor)